[Event "Warsaw AIG Life rapid 6th"]
[Site "Warsaw"]
[Date "2006.12.16"]
[Round "6"]
[White "Solys, Laimutis"]
[Black "Zhigalko, Sergei"]
[Result "0-1"]
[WhiteElo "2321"]
[BlackElo "2504"]
[PlyCount "114"]
[EventDate "2006.12.16"]
[EventType "swiss (rapid)"]
[EventRounds "13"]
[EventCountry "POL"]
[SourceTitle "CBM 115 Extra"]
[Source "ChessBase"]
[SourceDate "2007.01.10"]
[SourceVersion "1"]
[SourceVersionDate "2007.01.10"]
[SourceQuality "1"]

1. d4 d5 2. c4 e6 3. Nc3 c6 4. cxd5 exd5 5. Nf3 Bf5 6. Bg5 Be7 7. Bxe7 Qxe7 8. e3 Nf6 9. Bd3 Bg4 10. O-O O-O 11. h3 Bh5 12. Be2 Nbd7 13. a3 a5 14. Rc1 Rfe8 15. Na4 Ne4 16. Nd2 Bxe2 17. Qxe2 Nd6 18. Qd3 f5 19. Nc5 Nxc5 20. Rxc5 Ne4 21. Nxe4 fxe4 22. Qd2 a4 23. Ra5 Rf8 24. Rxa8 Rxa8 25. Rc1 Ra6 26. Rc5 Qc7 27. Qc2 Qd8 28. Qd1 Qd7 29. Qh5 h6 30. Qe5 Rb6 31. Rc2 Kh7 32. Qf4 Rb3 33. h4 Rd3 34. h5 Rd1+ 35. Kh2 Rb1 36. g4 Qd8 37. Kg2 Qg5 38. Qxg5 hxg5 39. f3 exf3+ 40. Kxf3 g6 41. hxg6+ Kxg6 42. Rf2 Kf6 43. Rh2 Kg6 44. Rf2 Re1 45. b3 axb3 46. Rb2 Rc1 47. Rxb3 b5 48. e4 dxe4+ 49. Kxe4 Rg1 50. Kf3 Rh1 51. Kg3 Rc1 52. d5 cxd5 53. Rxb5 Rc3+ 54. Kg2 d4 55. Rd5 d3 56. a4 Kf6 57. Kf3 Ra3 0-1

[Event "Warsaw AIG Life rapid 6th"]
[Site "Warsaw"]
[Date "2006.12.16"]
[Round "7"]
[White "Zhigalko, Sergei"]
[Black "Macieja, Bartlomiej"]
[Result "0-1"]
[WhiteElo "2504"]
[BlackElo "2622"]
[PlyCount "116"]
[EventDate "2006.12.16"]
[EventType "swiss (rapid)"]
[EventRounds "13"]
[EventCountry "POL"]
[SourceTitle "CBM 115 Extra"]
[Source "ChessBase"]
[SourceDate "2007.01.10"]
[SourceVersion "1"]
[SourceVersionDate "2007.01.10"]
[SourceQuality "1"]

1. e4 c5 2. Nf3 Nc6 3. c3 Nf6 4. e5 Nd5 5. d4 cxd4 6. Bc4 Nb6 7. Bb3 d5 8. exd6 Qxd6 9. O-O Be6 10. Na3 Bxb3 11. Qxb3 e6 12. Nb5 Qb8 13. Nbxd4 Be7 14. Nxc6 bxc6 15. c4 O-O 16. Qc2 Nd7 17. Rd1 Rd8 18. Be3 Qc7 19. h3 Bf6 20. Rd2 Ne5 21. Ng5 Ng6 22. Ne4 Be7 23. Rad1 Rxd2 24. Nxd2 h6 25. Ne4 Rb8 26. Nc5 Qa5 27. Nxe6 Qxa2 28. Rd2 Bf6 29. Nd4 a6 30. Nxc6 Rxb2 31. Qd3 Rxd2 32. Bxd2 Qa1+ 33. Kh2 Ne5 34. Nxe5 Bxe5+ 35. g3 Qd4 36. Qe2 Bf6 37. Be3 Qc3 38. c5 a5 39. Qb5 Qb4 40. Qe8+ Kh7 41. Qxf7 a4 42. c6 a3 43. c7 Qc3 44. Qd7 a2 45. Qf5+ g6 46. c8=Q gxf5 47. Qxf5+ Kh8 48. Qe6 a1=Q 49. Qe8+ Kh7 50. h4 Qe5 51. Qd7+ Qe7 52. Qd3+ Kg7 53. Qf5 Qae5 54. Qg4+ Kh7 55. Bf4 Q5e6 56. Qh5 Bg7 57. Be3 Qe4 58. Qb5 Q7b7 0-1

[Event "Warsaw AIG Life rapid 6th"]
[Site "Warsaw"]
[Date "2006.12.16"]
[Round "8"]
[White "Swiercz, Dariusz"]
[Black "Zhigalko, Sergei"]
[Result "0-1"]
[WhiteElo "2311"]
[BlackElo "2504"]
[PlyCount "154"]
[EventDate "2006.12.16"]
[EventType "swiss (rapid)"]
[EventRounds "13"]
[EventCountry "POL"]
[SourceTitle "CBM 115 Extra"]
[Source "ChessBase"]
[SourceDate "2007.01.10"]
[SourceVersion "1"]
[SourceVersionDate "2007.01.10"]
[SourceQuality "1"]

1. e4 c5 2. Nf3 Nc6 3. d4 cxd4 4. Nxd4 Nf6 5. Nc3 e5 6. Ndb5 d6 7. Bg5 a6 8. Na3 b5 9. Bxf6 gxf6 10. Nd5 Bg7 11. c3 f5 12. exf5 Bxf5 13. Nc2 Be6 14. g3 O-O 15. Bg2 a5 16. O-O Rb8 17. Nce3 f5 18. f4 b4 19. Qd2 Kh8 20. Rad1 bxc3 21. bxc3 a4 22. Qc2 e4 23. Qxa4 Ne7 24. Qc2 Nxd5 25. Nxd5 Qa5 26. Qd2 Qc5+ 27. Kh1 Rb5 28. Ne3 d5 29. Rc1 Rc8 30. Qe2 Ra5 31. Bh3 d4 32. cxd4 Qxc1 33. Rxc1 Rxc1+ 34. Bf1 Bxd4 35. Qd2 Bxe3 36. Qxa5 Rxf1+ 37. Kg2 Rf2+ 38. Kh3 Kg8 39. Qd8+ Kf7 40. Qc7+ Ke8 41. Qb8+ Ke7 42. Qc7+ Ke8 43. Qb8+ Kd7 44. Qb7+ Kd6 45. Qb8+ Kc6 46. Qa8+ Kc7 47. Qe8 Bd7 48. Qe5+ Kc6 49. Qf6+ Kb7 50. Qf7 Rd2 51. a4 Bb6 52. Qb3 Rd3 53. Qc4 Rd4 54. Qf7 Ka6 55. a5 Bxa5 56. Qxh7 Bb6 57. Qe7 Bc8 58. Qe8 Kb7 59. Kh4 Rd8 60. Qe5 Bd7 61. Kg5 e3 62. Qe7 Kc8 63. Qb4 Kc7 64. Kf6 Re8 65. Qc4+ Kb8 66. Qe2 Kc7 67. Qc4+ Bc6 68. Qe2 Bd4+ 69. Kxf5 Kb6 70. Qd1 Bc5 71. h4 e2 72. Qe1 Bb5 73. h5 Bd3+ 74. Kf6 Kb5 75. Kf7 Bb4 76. Qc1 Re7+ 77. Kf6 e1=Q 0-1

[Event "Warsaw AIG Life rapid 6th"]
[Site "Warsaw"]
[Date "2006.12.17"]
[Round "9"]
[White "Zhigalko, Sergei"]
[Black "Lagowski, Patryk"]
[Result "1-0"]
[WhiteElo "2504"]
[BlackElo "2362"]
[PlyCount "89"]
[EventDate "2006.12.16"]
[EventType "swiss (rapid)"]
[EventRounds "13"]
[EventCountry "POL"]
[SourceTitle "CBM 115 Extra"]
[Source "ChessBase"]
[SourceDate "2007.01.10"]
[SourceVersion "1"]
[SourceVersionDate "2007.01.10"]
[SourceQuality "1"]

1. e4 c5 2. Nf3 e6 3. c3 d5 4. e5 Bd7 5. d4 Qb6 6. Be2 Bb5 7. Bxb5+ Qxb5 8. a4 Qb6 9. dxc5 Bxc5 10. b4 Bf8 11. O-O Ne7 12. Na3 Ng6 13. h4 Nd7 14. Re1 h5 15. Bg5 a6 16. Rb1 Rc8 17. Rc1 a5 18. Nb5 Rc4 19. Qd3 axb4 20. cxb4 Bxb4 21. Rxc4 dxc4 22. Qxc4 Bc5 23. Nd6+ Kf8 24. Ne4 Kg8 25. Rd1 Ngf8 26. Nxc5 Qxc5 27. Qxc5 Nxc5 28. Be7 Ncd7 29. Bxf8 Nxf8 30. Rb1 f6 31. Rxb7 Ng6 32. Rb8+ Kh7 33. Rxh8+ Kxh8 34. a5 Ne7 35. a6 Nc8 36. exf6 gxf6 37. Nd4 e5 38. Nb5 Nb6 39. Nc7 Nc8 40. Ne8 Kh7 41. Nxf6+ Kg6 42. Ne4 Na7 43. f3 Kf5 44. Kf2 Kf4 45. Ng3 1-0

[Event "Warsaw AIG Life rapid 6th"]
[Site "Warsaw"]
[Date "2006.12.17"]
[Round "10"]
[White "Gritsak, Orest"]
[Black "Zhigalko, Sergei"]
[Result "1-0"]
[WhiteElo "2542"]
[BlackElo "2504"]
[PlyCount "81"]
[EventDate "2006.12.16"]
[EventType "swiss (rapid)"]
[EventRounds "13"]
[EventCountry "POL"]
[SourceTitle "CBM 115 Extra"]
[Source "ChessBase"]
[SourceDate "2007.01.10"]
[SourceVersion "1"]
[SourceVersionDate "2007.01.10"]
[SourceQuality "1"]

1. Nf3 d5 2. d4 c6 3. Bf4 Nf6 4. e3 Bf5 5. Nbd2 e6 6. c4 h6 7. Qb3 Qb6 8. c5 Qxb3 9. axb3 Nbd7 10. h3 Ne4 11. b4 g5 12. Bh2 Bg7 13. Nb3 a6 14. Ne5 Ke7 15. Na5 h5 16. f3 Nef6 17. Nxb7 Nxe5 18. Bxe5 Bg6 19. Kd2 Ra7 20. Na5 Kd7 21. Be2 h4 22. Ra4 Nh5 23. Bxg7 Nxg7 24. Rha1 Rb8 25. Nb3 Rab7 26. Kc3 Nf5 27. Bxa6 Rc7 28. Re1 Ra7 29. Bb5 Rab7 30. Bd3 Kc7 31. Na5 Ra7 32. Ra3 Rba8 33. Kd2 Rb8 34. Nb3 Rab7 35. b5 cxb5 36. Ra6 Kc8 37. Na5 Rc7 38. Nc6 Rbb7 39. Rea1 f6 40. Ra8+ Kd7 41. Rd8+ 1-0

[Event "Warsaw AIG Life rapid 6th"]
[Site "Warsaw"]
[Date "2006.12.17"]
[Round "11"]
[White "Zhigalko, Sergei"]
[Black "Mickiewicz, Piotr"]
[Result "1/2-1/2"]
[WhiteElo "2504"]
[BlackElo "2312"]
[PlyCount "88"]
[EventDate "2006.12.16"]
[EventType "swiss (rapid)"]
[EventRounds "13"]
[EventCountry "POL"]
[SourceTitle "CBM 115 Extra"]
[Source "ChessBase"]
[SourceDate "2007.01.10"]
[SourceVersion "1"]
[SourceVersionDate "2007.01.10"]
[SourceQuality "1"]

1. e4 c6 2. d4 d5 3. e5 Bf5 4. Nd2 e6 5. Nb3 f6 6. Nf3 Nd7 7. Bf4 fxe5 8. Nxe5 Nxe5 9. Bxe5 Nf6 10. Bd3 Bd6 11. O-O O-O 12. Nc5 Bxc5 13. dxc5 Bxd3 14. cxd3 Rf7 15. Re1 Nd7 16. Bg3 e5 17. d4 e4 18. b4 a5 19. b5 a4 20. bxc6 bxc6 21. Rb1 Nf6 22. Rb6 Qd7 23. a3 h6 24. h3 g5 25. Qe2 Kh7 26. Reb1 Kg6 27. Bd6 h5 28. Rb8 Rxb8 29. Rxb8 h4 30. Be5 Qf5 31. Rb6 Qe6 32. Qa6 e3 33. fxe3 Rc7 34. Bxc7 Qxe3+ 35. Kh2 g4 36. Qf1 g3+ 37. Kh1 Qf2 38. Qd3+ Ne4 39. Rb1 Qf5 40. Qf1 Nf2+ 41. Kg1 Qc2 42. Qc1 Nxh3+ 43. Kh1 Nf2+ 44. Kg1 Nh3+ 1/2-1/2

[Event "Warsaw AIG Life rapid 6th"]
[Site "Warsaw"]
[Date "2006.12.17"]
[Round "12"]
[White "Strzemiecki, Zbigniew"]
[Black "Zhigalko, Sergei"]
[Result "1-0"]
[WhiteElo "2365"]
[BlackElo "2504"]
[PlyCount "75"]
[EventDate "2006.12.16"]
[EventType "swiss (rapid)"]
[EventRounds "13"]
[EventCountry "POL"]
[SourceTitle "CBM 115 Extra"]
[Source "ChessBase"]
[SourceDate "2007.01.10"]
[SourceVersion "1"]
[SourceVersionDate "2007.01.10"]
[SourceQuality "1"]

1. e4 c5 2. Nf3 Nc6 3. d4 cxd4 4. Nxd4 Nf6 5. Nc3 e5 6. Ndb5 d6 7. Nd5 Nxd5 8. exd5 Nb8 9. c4 Be7 10. Bd3 a6 11. Nc3 O-O 12. O-O f5 13. f3 Bg5 14. Bxg5 Qxg5 15. f4 exf4 16. Qe2 Qh6 17. Na4 Nd7 18. Rae1 Rb8 19. Qe7 b5 20. cxb5 axb5 21. Nc3 b4 22. Nb5 Ne5 23. Nxd6 Ng6 24. Qc7 Ra8 25. Bc4 Ba6 26. Bxa6 Nh4 27. Be2 Rxa2 28. Nc4 Qg5 29. Bf3 Raa8 30. Qe5 Rac8 31. Qd4 Rce8 32. Rxe8 Rxe8 33. Qd2 Nxf3+ 34. Rxf3 Re4 35. Nd6 Re3 36. Qc1 g6 37. Qc8+ Kg7 38. Qc7+ 1-0

[Event "Warsaw AIG Life rapid 6th"]
[Site "Warsaw"]
[Date "2006.12.17"]
[Round "13"]
[White "Zhigalko, Sergei"]
[Black "Szmacinska, Grazyna"]
[Result "1-0"]
[WhiteElo "2504"]
[BlackElo "2260"]
[PlyCount "61"]
[EventDate "2006.12.16"]
[EventType "swiss (rapid)"]
[EventRounds "13"]
[EventCountry "POL"]
[SourceTitle "CBM 115 Extra"]
[Source "ChessBase"]
[SourceDate "2007.01.10"]
[SourceVersion "1"]
[SourceVersionDate "2007.01.10"]
[SourceQuality "1"]

1. e4 d6 2. d4 g6 3. Nc3 Nf6 4. f3 c6 5. Be3 Nbd7 6. Qd2 Qa5 7. O-O-O b5 8. Kb1 Nb6 9. Nd5 Qxd2 10. Nxf6+ exf6 11. Bxd2 a6 12. Ne2 Be7 13. Bc1 O-O 14. h4 h5 15. Nf4 Kg7 16. Be2 Be6 17. g4 hxg4 18. fxg4 d5 19. h5 Rh8 20. e5 fxe5 21. dxe5 g5 22. Nh3 Kh6 23. Rde1 a5 24. Rhf1 Rhg8 25. Bd3 Rg7 26. Bf5 Re8 27. Bxe6 fxe6 28. Rf6+ Bxf6 29. exf6 Rf7 30. Nxg5 Rxf6 31. Nxe6+ 1-0

[Event "BLR-ch"]
[Site "Minsk"]
[Date "2007.01.10"]
[Round "2"]
[White "Zhigalko, Sergei"]
[Black "Novitzkij, Dmitrij"]
[Result "1-0"]
[WhiteElo "2539"]
[BlackElo "2350"]
[PlyCount "79"]
[EventDate "2007.01.10"]
[EventType "tourn"]
[EventRounds "11"]
[EventCountry "BLR"]
[EventCategory "10"]
[SourceTitle "CBM 116 Extra"]
[Source "ChessBase"]
[SourceDate "2007.03.07"]
[SourceVersion "1"]
[SourceVersionDate "2007.03.07"]
[SourceQuality "1"]

1. e4 c6 2. d4 d5 3. e5 Bf5 4. Nf3 e6 5. Be2 Nd7 6. O-O a6 7. b3 Ne7 8. c4 Ng6 9. Re1 Nh4 10. Nbd2 Bb4 11. Nxh4 Qxh4 12. Nf3 Qe7 13. Bd2 Ba3 14. Bc1 Bb4 15. Bd2 Ba3 16. Bg5 f6 17. exf6 gxf6 18. Bc1 Bd6 19. Nh4 Be4 20. Bh5+ Kd8 21. f3 f5 22. g3 Rg8 23. Ng2 Bb4 24. Bd2 Nf6 25. Bxb4 Qxb4 26. fxe4 dxe4 27. Bf7 Rg5 28. Qc1 h6 29. Bxe6 Qd6 30. d5 Ng4 31. c5 Qe5 32. Qf4 cxd5 33. Bxd5 Qd4+ 34. Ne3 Ke8 35. Rad1 Qxc5 36. b4 Qb6 37. Kh1 Nxe3 38. Rxe3 Rd8 39. Rxe4+ Kf8 40. Ree1 1-0

[Event "BLR-ch"]
[Site "Minsk"]
[Date "2007.01.10"]
[Round "4"]
[White "Zhigalko, Sergei"]
[Black "Tihonov, Jurij"]
[Result "1/2-1/2"]
[WhiteElo "2539"]
[BlackElo "2501"]
[PlyCount "53"]
[EventDate "2007.01.10"]
[EventType "tourn"]
[EventRounds "11"]
[EventCountry "BLR"]
[EventCategory "10"]
[SourceTitle "CBM 116 Extra"]
[Source "ChessBase"]
[SourceDate "2007.03.07"]
[SourceVersion "1"]
[SourceVersionDate "2007.03.07"]
[SourceQuality "1"]

1. e4 c5 2. Nf3 d6 3. d4 cxd4 4. Nxd4 Nf6 5. Nc3 a6 6. Be3 e5 7. Nb3 Be6 8. f3 h5 9. Be2 Nbd7 10. O-O Qc7 11. a4 Be7 12. Qd2 O-O 13. a5 Rfc8 14. Rfd1 Qc6 15. Bf2 Bf8 16. Kh1 g6 17. Bf1 Kh7 18. Kg1 Qc7 19. Be3 Re8 20. Nc1 Rac8 21. Be2 Red8 22. Kh1 Be7 23. Qe1 Qc6 24. Qd2 Qc7 25. Qe1 Qc6 26. Qd2 Qc7 27. Qe1 1/2-1/2

[Event "BLR-ch"]
[Site "Minsk"]
[Date "2007.01.10"]
[Round "5"]
[White "Kutsankov, Vladimir"]
[Black "Zhigalko, Sergei"]
[Result "0-1"]
[WhiteElo "2361"]
[BlackElo "2539"]
[PlyCount "69"]
[EventDate "2007.01.10"]
[EventType "tourn"]
[EventRounds "11"]
[EventCountry "BLR"]
[EventCategory "10"]
[SourceTitle "CBM 116 Extra"]
[Source "ChessBase"]
[SourceDate "2007.03.07"]
[SourceVersion "1"]
[SourceVersionDate "2007.03.07"]
[SourceQuality "1"]

1. d4 Nf6 2. c4 e6 3. Nf3 b6 4. e3 Bb7 5. Bd3 Be7 6. O-O O-O 7. Nc3 d5 8. cxd5 exd5 9. b3 c5 10. Bb2 Nbd7 11. Rc1 Ne4 12. Qc2 f5 13. Ne2 Bd6 14. Nf4 Qe7 15. Bb5 Ndf6 16. Ne5 Ng4 17. Bc6 Bxc6 18. Nxc6 Qe8 19. Ne5 Rd8 20. Rcd1 cxd4 21. exd4 Nxe5 22. dxe5 Bxe5 23. Nxd5 Bd6 24. Qc4 Qf7 25. Be5 b5 26. Qd4 Bc5 27. Qd3 Rd7 28. b4 Nxf2 29. Rxf2 Bxf2+ 30. Kxf2 Rfd8 31. Qxb5 Rxd5 32. Rxd5 Qxd5 33. Qxd5+ Rxd5 34. Bc3 Rd3 35. Be1 0-1

[Event "BLR-ch"]
[Site "Minsk"]
[Date "2007.01.10"]
[Round "6"]
[White "Zhigalko, Sergei"]
[Black "Aleksandrov, Aleksej"]
[Result "1/2-1/2"]
[WhiteElo "2539"]
[BlackElo "2601"]
[PlyCount "105"]
[EventDate "2007.01.10"]
[EventType "tourn"]
[EventRounds "11"]
[EventCountry "BLR"]
[EventCategory "10"]
[SourceTitle "CBM 116 Extra"]
[Source "ChessBase"]
[SourceDate "2007.03.07"]
[SourceVersion "1"]
[SourceVersionDate "2007.03.07"]
[SourceQuality "1"]

1. e4 e5 2. Nf3 Nc6 3. Bb5 Nf6 4. O-O Nxe4 5. Re1 Nd6 6. Nxe5 Be7 7. Bf1 Nxe5 8. Rxe5 O-O 9. d4 Ne8 10. Bd3 d5 11. Re1 c6 12. c3 Bd6 13. Nd2 Qf6 14. Nf3 Bg4 15. Bg5 Qxg5 16. Nxg5 Bxd1 17. Raxd1 g6 18. g3 Nc7 19. Re2 Rfe8 20. Rde1 Rxe2 21. Rxe2 Kg7 22. Kf1 h6 23. Nf3 b6 24. h4 h5 25. Ke1 f6 26. Kd2 Kf7 27. Re1 a5 28. Kc2 b5 29. Re2 Rc8 30. Re1 Re8 31. Rxe8 Nxe8 32. b3 Bc7 33. c4 Nd6 34. cxd5 cxd5 35. Kd2 b4 36. Ke3 Kg7 37. Ke2 Kh6 38. Ke3 Bb6 39. Kf4 Bc7 40. Ke3 g5 41. Ke2 Bd8 42. Ke3 Bb6 43. Ng1 Nc8 44. Bf5 Ne7 45. Be6 Bc7 46. Nf3 Kg6 47. Kd3 g4 48. Ne1 f5 49. Ng2 Kf6 50. Bd7 f4 51. gxf4 Ng6 52. Ke3 Ne7 53. Kd3 1/2-1/2

[Event "BLR-ch"]
[Site "Minsk"]
[Date "2007.01.10"]
[Round "7"]
[White "Podolchenko, Evgeniy"]
[Black "Zhigalko, Sergei"]
[Result "1/2-1/2"]
[WhiteElo "2429"]
[BlackElo "2539"]
[PlyCount "33"]
[EventDate "2007.01.10"]
[EventType "tourn"]
[EventRounds "11"]
[EventCountry "BLR"]
[EventCategory "10"]
[SourceTitle "CBM 116 Extra"]
[Source "ChessBase"]
[SourceDate "2007.03.07"]
[SourceVersion "1"]
[SourceVersionDate "2007.03.07"]
[SourceQuality "1"]

1. d4 Nf6 2. c4 e6 3. Nc3 Bb4 4. Qc2 O-O 5. e4 d5 6. e5 Ne4 7. a3 Bxc3+ 8. bxc3 c5 9. Bd3 Qa5 10. Ne2 cxd4 11. cxd5 exd5 12. Nxd4 Qxc3+ 13. Qxc3 Nxc3 14. Be3 Nd7 15. Rc1 Ne4 16. f4 b6 17. Bxe4 1/2-1/2

[Event "BLR-ch"]
[Site "Minsk"]
[Date "2007.01.10"]
[Round "9"]
[White "Zhigalko, Sergei"]
[Black "Zhigalko, Andrey"]
[Result "1-0"]
[WhiteElo "2539"]
[BlackElo "2538"]
[PlyCount "77"]
[EventDate "2007.01.10"]
[EventType "tourn"]
[EventRounds "11"]
[EventCountry "BLR"]
[EventCategory "10"]
[SourceTitle "CBM 116 Extra"]
[Source "ChessBase"]
[SourceDate "2007.03.07"]
[SourceVersion "1"]
[SourceVersionDate "2007.03.07"]
[SourceQuality "1"]

1. e4 c5 2. Nf3 d6 3. d4 cxd4 4. Qxd4 Nc6 5. Bb5 Bd7 6. Bxc6 Bxc6 7. Nc3 Nf6 8. Bg5 e6 9. O-O-O Be7 10. Rhe1 O-O 11. Kb1 Qc7 12. Qd2 Rab8 13. Nd4 b5 14. f3 b4 15. Nce2 Rfc8 16. g4 a5 17. Ng3 a4 18. h4 Ba8 19. Rg1 Kh8 20. Rg2 b3 21. cxb3 axb3 22. Nxb3 d5 23. e5 Bb4 24. Qd4 Nd7 25. Rc1 Qb7 26. Rgc2 Rc4 27. Rxc4 dxc4 28. Rxc4 h6 29. Bc1 Be7 30. Ne4 Bxh4 31. g5 Qd5 32. Nd6 Bg3 33. Qa7 Bc6 34. Qc7 Rb6 35. gxh6 Kh7 36. hxg7 Qxf3 37. Qd8 Kxg7 38. Qg5+ Kf8 39. Rg4 1-0

[Event "BLR-ch"]
[Site "Minsk"]
[Date "2007.01.10"]
[Round "10"]
[White "Teterev, Vitaly"]
[Black "Zhigalko, Sergei"]
[Result "1/2-1/2"]
[WhiteElo "2516"]
[BlackElo "2539"]
[PlyCount "128"]
[EventDate "2007.01.10"]
[EventType "tourn"]
[EventRounds "11"]
[EventCountry "BLR"]
[EventCategory "10"]
[SourceTitle "CBM 116 Extra"]
[Source "ChessBase"]
[SourceDate "2007.03.07"]
[SourceVersion "1"]
[SourceVersionDate "2007.03.07"]
[SourceQuality "1"]

1. e4 c5 2. Nf3 Nc6 3. Bb5 Nf6 4. Qe2 e5 5. c3 Qc7 6. O-O Be7 7. d4 cxd4 8. cxd4 Nxd4 9. Nxd4 exd4 10. e5 Nd5 11. Qe4 Nb4 12. Na3 O-O 13. Bf4 a6 14. Be2 d5 15. Qxd4 Be6 16. Rac1 Nc6 17. Qd2 Rfd8 18. Bd3 Rac8 19. Bg3 Qa5 20. Qxa5 Nxa5 21. f4 g6 22. Bf2 Bxa3 23. bxa3 Nc4 24. Bh4 Re8 25. f5 gxf5 26. Rce1 Nd2 27. Rf2 Ne4 28. Rf3 h6 29. Bf6 Kh7 30. h3 Rg8 31. Kh2 Nxf6 32. exf6 Kg6 33. g4 Kxf6 34. Bxf5 Ke7 35. Rb3 b5 36. a4 Rc5 37. Bd3 Ra8 38. Re2 bxa4 39. Rb6 Kd7 40. Bf5 Rc6 41. Rxc6 Kxc6 42. Bxe6 fxe6 43. Rxe6+ Kc5 44. Kg3 d4 45. Kf3 Kd5 46. Rxh6 Re8 47. Rh7 d3 48. Rd7+ Kc4 49. g5 Kc3 50. g6 d2 51. h4 Re1 52. h5 Rg1 53. Kf2 Rg5 54. Rc7+ Kd3 55. g7 d1=Q 56. Rd7+ Ke4 57. Rxd1 Rxg7 58. h6 Rh7 59. Rd6 Kf5 60. Rxa6 Kg5 61. Ke3 Rxh6 62. Rxa4 Rh3+ 63. Kd2 Kf5 64. Rc4 Rh2+ 1/2-1/2

[Event "BLR-ch"]
[Site "Minsk"]
[Date "2007.01.10"]
[Round "11"]
[White "Zhigalko, Sergei"]
[Black "Lomako, Pavel"]
[Result "1/2-1/2"]
[WhiteElo "2539"]
[BlackElo "2406"]
[PlyCount "200"]
[EventDate "2007.01.10"]
[EventType "tourn"]
[EventRounds "11"]
[EventCountry "BLR"]
[EventCategory "10"]
[SourceTitle "CBM 116 Extra"]
[Source "ChessBase"]
[SourceDate "2007.03.07"]
[SourceVersion "1"]
[SourceVersionDate "2007.03.07"]
[SourceQuality "1"]

1. e4 c6 2. d4 d5 3. Nc3 g6 4. Nf3 Bg7 5. h3 dxe4 6. Nxe4 Nf6 7. Nxf6+ Bxf6 8. c3 Qc7 9. Bh6 Nd7 10. Bc4 Nb6 11. Bb3 c5 12. Qe2 c4 13. Bc2 Bf5 14. Bxf5 gxf5 15. g4 fxg4 16. hxg4 Rg8 17. O-O-O Rxg4 18. Rh5 Rd8 19. Nd2 Rg6 20. Be3 Nd5 21. Nxc4 Rc8 22. Rxd5 Qxc4 23. Qxc4 Rxc4 24. Rh5 h6 25. Rxh6 Rxh6 26. Bxh6 Kd7 27. Be3 Rc8 28. Kc2 Rg8 29. Kd3 Rg4 30. Rh1 Bg5 31. f3 Rg2 32. Rg1 Rxg1 33. Bxg1 e6 34. d5 a6 35. dxe6+ fxe6 36. c4 Kc6 37. Ke4 Be7 38. Bd4 Bd6 39. Bc3 Bc7 40. Bb4 Bd8 41. Ke5 Kd7 42. Bf8 Bc7+ 43. Kf6 Bf4 44. b4 Bg3 45. b5 Bf4 46. bxa6 bxa6 47. c5 Bg3 48. c6+ Kxc6 49. Kxe6 Bf4 50. Kf5 Bc1 51. Ke4 Kb5 52. Bd6 Ka4 53. Bc5 a5 54. Kd3 Bf4 55. Kc4 Bd6 56. Kd5 Bf4 57. Kc6 Bd2 58. Bd6 Bc1 59. Bc5 Bf4 60. Kd5 Bc1 61. Ke4 Bh6 62. Bd6 Bd2 63. Bc5 Bh6 64. Be3 Bf8 65. Bc1 Bd6 66. Bb2 Bg3 67. Bc3 Bc7 68. Bb2 Bg3 69. Kd5 Bc7 70. Kc6 Bf4 71. Bc3 Be3 72. Be1 Bf4 73. Kb6 Be3+ 74. Ka6 Ka3 75. Kxa5 Kxa2 76. Kb4 Kb2 77. Kc4 Kc2 78. Ba5 Kd1 79. Kd3 Bf4 80. Bb4 Bb8 81. Bc3 Bc7 82. Ke3 Bg3 83. Bf6 Ke1 84. Bg5 Bc7 85. Bf4 Bb6+ 86. Ke4 Ke2 87. Bd6 Be3 88. Bf4 Bb6 89. Bg5 Bc7 90. Be3 Bb8 91. Bd4 Bc7 92. Ba7 Bd6 93. Be3 Bc7 94. Bf4 Bb6 95. Bd6 Be3 96. Be5 Bd2 97. Bf4 Ba5 98. Bc1 Bc7 99. Bf4 Ba5 100. Bd6 Bd2 1/2-1/2

[Event "EU-ch 8th"]
[Site "Dresden"]
[Date "2007.04.03"]
[Round "1"]
[White "Makolli, Perparim"]
[Black "Zhigalko, Sergei"]
[Result "1/2-1/2"]
[WhiteElo "2245"]
[BlackElo "2540"]
[PlyCount "75"]
[EventDate "2007.04.03"]
[EventType "swiss"]
[EventRounds "11"]
[EventCountry "GER"]
[SourceTitle "CBM 118"]
[Source "ChessBase"]
[SourceDate "2007.05.31"]
[SourceVersion "1"]
[SourceVersionDate "2007.05.31"]
[SourceQuality "1"]

1. e4 c5 2. Nf3 Nc6 3. d4 cxd4 4. Nxd4 Nf6 5. Nc3 e5 6. Ndb5 d6 7. Na3 Be6 8. Bg5 Rc8 9. Nc4 Nd4 10. Ne3 Be7 11. Bd3 O-O 12. Bxf6 Bxf6 13. Ncd5 Bg5 14. c3 Nc6 15. Bc2 Kh8 16. h4 Bxe3 17. Nxe3 Qb6 18. Bb3 Na5 19. Nd5 Qb5 20. Nb4 Nxb3 21. axb3 f5 22. exf5 Rxf5 23. Qxd6 Bxb3 24. Qd3 Qxd3 25. Nxd3 Bc4 26. Nc1 a6 27. Ra4 Rf6 28. Rh3 Rh6 29. Rb4 Rd6 30. b3 Bb5 31. c4 Bc6 32. Nd3 Rcd8 33. Nxe5 Rd1+ 34. Ke2 R8d2+ 35. Ke3 Rd4 36. Nxc6 R1d3+ 37. Ke2 Rd2+ 38. Ke1 1/2-1/2

[Event "EU-ch 8th"]
[Site "Dresden"]
[Date "2007.04.04"]
[Round "2"]
[White "Zhigalko, Sergei"]
[Black "Czap, Bernhard"]
[Result "1-0"]
[WhiteElo "2540"]
[BlackElo "2204"]
[PlyCount "57"]
[EventDate "2007.04.03"]
[EventType "swiss"]
[EventRounds "11"]
[EventCountry "GER"]
[SourceTitle "CBM 118"]
[Source "ChessBase"]
[SourceDate "2007.05.31"]
[SourceVersion "1"]
[SourceVersionDate "2007.05.31"]
[SourceQuality "1"]

1. e4 e6 2. d4 d5 3. e5 c5 4. c3 Nc6 5. Nf3 Bd7 6. Be2 Nge7 7. Na3 cxd4 8. cxd4 Nf5 9. Nc2 Qb6 10. O-O Na5 11. g4 Ne7 12. Nfe1 Bb5 13. Nd3 h5 14. gxh5 Nf5 15. Be3 Rc8 16. a4 Bc4 17. b4 Nc6 18. Rb1 Qd8 19. Qd2 Be7 20. Kh1 Bh4 21. Rg1 Kf8 22. Bg4 Nce7 23. Nf4 Nxe3 24. Nxe3 Qb6 25. Bf3 Nc6 26. Nxc4 dxc4 27. Nxe6+ fxe6 28. Qf4+ Kg8 29. Rxg7+ 1-0

[Event "EU-ch 8th"]
[Site "Dresden"]
[Date "2007.04.05"]
[Round "3"]
[White "Kobalia, Mihail"]
[Black "Zhigalko, Sergei"]
[Result "1/2-1/2"]
[WhiteElo "2639"]
[BlackElo "2540"]
[PlyCount "132"]
[EventDate "2007.04.03"]
[EventType "swiss"]
[EventRounds "11"]
[EventCountry "GER"]
[SourceTitle "CBM 118"]
[Source "ChessBase"]
[SourceDate "2007.05.31"]
[SourceVersion "1"]
[SourceVersionDate "2007.05.31"]
[SourceQuality "1"]

1. e4 c5 2. Nf3 Nc6 3. Bb5 Nf6 4. Bxc6 dxc6 5. d3 Nd7 6. Be3 e5 7. Nbd2 Bd6 8. O-O O-O 9. c3 Re8 10. Qc2 b6 11. Rfd1 Bb7 12. a4 a5 13. d4 cxd4 14. cxd4 exd4 15. Nxd4 Qc7 16. h3 g6 17. Nc4 Bc5 18. Bh6 Ne5 19. Ne3 Rad8 20. Nb3 Bxe3 21. Bxe3 c5 22. Nd4 Nc6 23. Nxc6 Qxc6 24. f3 Qe6 25. Qc3 f6 26. Bf4 Kf7 27. Rd2 Rxd2 28. Qxd2 g5 29. Bg3 Re7 30. Rd1 Bc6 31. Qd8 Bxa4 32. Rd6 Rd7 33. Qxb6 Rxd6 34. Bxd6 c4 35. Qxa5 Qxd6 36. Qxa4 Qd4+ 37. Kh1 h5 38. Qb4 h4 39. Qc3 Qd3 40. Kg1 Qe2 41. Kh2 Qd3 42. Qe1 Qd4 43. Qb4 Qe5+ 44. Kh1 Qd4 45. Qb7+ Kg6 46. Qb8 Kg7 47. Kh2 Kf7 48. Qb4 Qe5+ 49. Kg1 Qd4+ 50. Kh1 Qd1+ 51. Kh2 Qd4 52. Qc3 Qd3 53. Qe1 Qd4 54. Qe2 Qd3 55. Qf2 Qd6+ 56. Kh1 Qd1+ 57. Qg1 Qd2 58. Qa7+ Kg6 59. Qb8 Qd4 60. Qg8+ Kh6 61. Qe6 Qd1+ 62. Kh2 Qd4 63. Kh1 Qd1+ 64. Kh2 Qd4 65. Kh1 Qd1+ 66. Kh2 Qd4 1/2-1/2